00717cam a2200205 a 450000100100000000500170001000800410002704000290006805000210009708200230011810000370014124500830017826000380026130000410029949000290034050400440036965000320041365000370044583000290048200001421020200929163525.0740520s1969 nyua b 000 0 engd  aDO-SdBNPbengcLCdBNPHU00aE185b.F825 1967 a325.2/6/097bF831f1 aFranklin, John Hope,d1915-2009.10aFrom slavery to freedom :ba history of negro americans /cJohn Hope Franklin. aNew York :bVintage Books,c1969. axxii, 686, xliii p. :bil. ;c25 cm.1 aA Vintage Giant,vv. 498 a"Notas bibliográficas": p. [653]-686. 0aAfrican americansxHistory. 0aSlaveryzUnited StatesxHistory. 2aA Vintage Giant,vv. 498